| Поле | Название | Значение |
| |
Тип записи |
a |
| |
Библиографический уровень |
m |
| 001 |
Контрольный номер |
BIBLIOCLUB\0000732173 |
| 005 |
Дата корректировки |
20260430154912.0 |
| 006 |
|
m o d |
| 007 |
Элементы данных для физической характеристики |
c||||||||||||| |
| 008 |
Кодируемые данные |
s2025 rus o rus d |
| 020 |
Индекс ISBN |
__ |
| a |
ISBN |
978-5-6054399-4-3 |
| 041 |
Код языка издания |
0_ |
| a |
Код языка текста |
rus |
| 084 |
Индекс другой классификации/Индекс ББК |
__ |
| a |
Индекс другой классификации/Индекс ББК |
67.405.1я73 |
| b |
Номер единицы |
LBC/PL |
| 2 |
Источник индекса |
rubbk |
| 100 |
Автор |
1_ |
| a |
Автор |
Минкина Н. И. |
| 245 |
Заглавие |
10 |
| a |
Заглавие |
Трудовое право |
| b |
Продолж. заглавия |
учебное пособие |
| c |
Ответственность |
Н. И. Минкина |
| c |
Ответственность |
Российская академия народного хозяйства и государственной службы при Президенте Российской Федерации |
| c |
Ответственность |
Алтайский филиал |
| 260 |
Выходные данные |
__ |
| a |
Место издания |
Барнаул |
| b |
Издательство |
РАНХиГС, Алтайский филиал |
| c |
Дата издания |
2025 |
| 300 |
Физическое описание |
__ |
| a |
Объем |
229 с. |
| 653 |
Ключевые слова |
1_ |
| a |
Ключевые слова |
Учебник для высшей школы |
| 856 |
Электронный адрес документа |
40 |
| 3 |
Область применения данных поля |
Университетская библиотека ONLINE |
| u |
URL |
https://biblioclub.ru/index.php?page=book&id=732173 |
| 900 |
Электронные ресурсы |
__ |
| a |
Имя электронного ресурса |
https://img.biblioclub.ru/sm_cover/a4c0c98487883560c6b3d415670a5a09x4isj7gmbs/cover.jpg |